000 00629nam a2200181 4500
999 _c56833
_d56833
005 20191106120231.0
008 190510c2019 ||||| |||| 00| 0 rus d
022 _a0042-8736
041 _arus
245 _aВопросы экономики N2 февраль :
_b2019 /
_cРед. кол.: Ананьин и др.
260 _aМосква,
_c1929-
300 _aV.
653 _aეკონომიკა
653 _aВопросы экономики N2 февраль :
653 _aпериодика
700 _a Ананьин, о.и. и др.
_eРедакционная колегия
_9973
942 _2udc
_cCR